000 01262nam a22002297a 4500
999 _c62469
_d62469
003 Ge_BSU
005 20241114122747.0
008 241114s1998 ge ||||| |||| 00| 0 geo d
041 _ageo
080 _a616(076.3): 617(076.3): 331.547:61ზ-76
245 _a"ზოგადი პროფილის ექიმი-მკურნალი" :
_bსასერტიფიკაციო ტესტ-კითხვარი /
_cშემდგ.: დ. ტვილდიანი და სხვ. ; რედ.: ა. კეკელიძე, ც. ჯანელიძე.
264 _aთბილისი,
_c1998.
300 _a243 გვ. ;
_b28 სმ.
653 _aმედიცინა - ტესტ-კითხვარები.
653 _aშინაგანი დაავადებები.
653 _aქირურგია.
700 _aტვილდიანი, დ
_eშემდგენელი და სხ.
_96357
700 _a კეკელიძე, ა
_eრედაქტორი
_923694
700 _aჯანელიძე, ც
_eრედაქტორი
_923695
710 _aსაქ. ჯანმრთელობის დაცვის სამინ.
_923696
942 _2udc
_cBK